[Event "New York 1000 GM Spring GM-A"]
[Site "New York"]
[Date "2024.03.31"]
[Round "8"]
[White "Bortnyk, Mykola"]
[Black "Huston, Gus"]
[Result "1/2-1/2"]
[WhiteElo "2453"]
[BlackElo "2401"]
[PlyCount "132"]
[EventDate "2024.03.27"]
[EventType "tourn"]
[EventRounds "9"]
[EventCountry "USA"]
[EventCategory "8"]
[SourceTitle "CB14_2024"]
[SourceDate "2024.04.01"]
[SourceVersion "1"]
[SourceVersionDate "2024.04.01"]
[SourceQuality "1"]

1. e4 e5 2. Nc3 Nc6 3. g3 Bc5 4. Bg2 d6 5. Na4 Be6 6. d3 Qd7 7. Nxc5 dxc5 8. Be3 b6 9. f4 f6 10. Nf3 0-0-0 11. 0-0 Nge7 12. fxe5 Nxe5 13. Nxe5 fxe5 14. b3 Nc6 15. Qh5 h6 16. Rf2 Qe8 17. Qxe8 Rdxe8 18. Raf1 Kd7 19. Bf3 Ref8 20. Kg2 Ke7 21. c3 Rf7 22. h4 Rd8 23. Be2 Rxf2+ 24. Rxf2 Rf8 25. g4 Rxf2+ 26. Kxf2 a5 27. g5 hxg5 28. Bxg5+ Kd7 29. Kg3 a4 30. bxa4 Bxa2 31. h5 Bb3 32. Kg4 Ke6 33. Kh4 Kf7 34. Bg4 Ke8 35. Be3 Bxa4 36. Be6 Bb5 37. c4 Ba4 38. Kg5 Nb4 39. Kg6 Kf8 40. Bg5 Be8+ 41. Kf5 Nxd3 42. Bd8 c6 43. h6 gxh6 44. Kf6 Bh5 45. Bxb6 Ke8 46. Bc7 Bf3 47. Bf5 h5 48. Bg6+ Kd7 49. Bb8 Bg4 50. Kg5 Ke7 51. Ba7 Kd7 52. Bb8 Bf3 53. Kf6 Kc8 54. Bxe5 Nxe5 55. Kxe5 Kd7 56. Kf6 Bg4 57. e5 h4 58. Bf7 h3 59. e6+ Kc7 60. e7 Bd7 61. Be6 h2 62. Bxd7 h1Q 63. e8Q Qh6+ 64. Kf7 Qh7+ 65. Kf6 Qxd7 66. Qxd7+ Kxd7 1/2-1/2

[Event "New York 1000 GM Spring GM-A"]
[Site "New York"]
[Date "2024.03.30"]
[Round "6"]
[White "Mardov, Dimitar"]
[Black "Bortnyk, Mykola"]
[Result "1/2-1/2"]
[WhiteElo "2473"]
[BlackElo "2453"]
[PlyCount "60"]
[EventDate "2024.03.27"]
[EventType "tourn"]
[EventRounds "9"]
[EventCountry "USA"]
[EventCategory "8"]
[SourceTitle "CB14_2024"]
[SourceDate "2024.04.01"]
[SourceVersion "1"]
[SourceVersionDate "2024.04.01"]
[SourceQuality "1"]

1. d4 Nf6 2. Nf3 e6 3. c4 Bb4+ 4. Nbd2 b6 5. a3 Bxd2+ 6. Bxd2 Bb7 7. e3 d6 8. Bd3 Nbd7 9. Bc3 Qe7 10. 0-0 Ne4 11. Be1 0-0 12. Nd2 f5 13. f3 Nxd2 14. Bxd2 e5 15. d5 e4 16. fxe4 Nc5 17. Bc3 Nxd3 18. Qxd3 Qxe4 19. Qxe4 fxe4 20. a4 a6 21. Rxf8+ Rxf8 22. b4 Bc8 23. h3 Bd7 24. Bd4 g5 25. a5 b5 26. c5 dxc5 27. Bxc5 Rf5 28. Rd1 Kf7 29. d6 c6 30. Rf1 Rxf1+ 1/2-1/2

[Event "New York 1000 GM Spring GM-A"]
[Site "New York"]
[Date "2024.03.27"]
[Round "1"]
[White "Bortnyk, Mykola"]
[Black "Novik, Maxim"]
[Result "1-0"]
[WhiteElo "2453"]
[BlackElo "2415"]
[PlyCount "143"]
[EventDate "2024.03.27"]
[EventType "tourn"]
[EventRounds "9"]
[EventCountry "USA"]
[EventCategory "8"]
[SourceTitle "CB14_2024"]
[SourceDate "2024.04.01"]
[SourceVersion "1"]
[SourceVersionDate "2024.04.01"]
[SourceQuality "1"]

1. e4 c6 2. Nc3 d5 3. Qf3 dxe4 4. Nxe4 Nf6 5. Bc4 e6 6. Ne2 Nbd7 7. d4 Be7 8. 0-0 0-0 9. Rd1 Ne5 10. Nxf6+ Bxf6 11. Qc3 Nxc4 12. Qxc4 e5 13. Be3 Be6 14. Qc3 Qc7 15. d5 Bf5 16. Ng3 Bg6 17. dxc6 bxc6 18. Qc4 Qb7 19. b3 Qb5 20. Qg4 Bxc2 21. Nh5 Bg6 22. Nxf6+ gxf6 23. Qh4 Rfe8 24. Rd6 Rad8 25. Rxf6 Qe2 26. h3 Rd1+ 27. Rxd1 Qxd1+ 28. Kh2 Qd8 29. Bg5 Qd7 30. Qh6 Re6 31. h4 Qd6 32. Rxe6 fxe6 33. h5 Bf5 34. Bf6 e4+ 35. g3 Qf8 36. Qg5+ Kf7 37. Bd4 a6 38. Kg1 Qd6 39. Qg7+ Ke8 40. g4 Bxg4 41. Qxg4 Qxd4 42. Qg8+ Ke7 43. Qxh7+ Kd6 44. Qg6 e3 45. fxe3 Qxe3+ 46. Kg2 Qe2+ 47. Kg3 Qe1+ 48. Kg4 Qe2+ 49. Kg5 Qe5+ 50. Kh6 Qh8+ 51. Kg5 Qe5+ 52. Kg4 Qe2+ 53. Kh3 Qf1+ 54. Qg2 Qf5+ 55. Qg4 Qf1+ 56. Kh4 Qf6+ 57. Kg3 Qc3+ 58. Qf3 Qg7+ 59. Kh4 Qd4+ 60. Kh3 Ke7 61. Qg3 Qd2 62. Qg7+ Ke8 63. h6 Qe3+ 64. Kh4 Qf4+ 65. Kh5 Qh2+ 66. Kg5 Qxa2 67. Qg6+ Ke7 68. Qf6+ Ke8 69. h7 Qd2+ 70. Kg6 Qg2+ 71. Kh6 Qh3+ 72. Kg7 1-0

[Event "New York Marshall 03"]
[Site "New York"]
[Date "2024.03.02"]
[Round "2"]
[White "Hyatt, Jessica"]
[Black "Bortnyk, Mykola"]
[Result "0-1"]
[WhiteElo "1885"]
[BlackElo "2453"]
[PlyCount "106"]
[EventDate "2024.03.01"]
[EventType "swiss"]
[EventRounds "5"]
[EventCountry "USA"]
[SourceTitle "CB10_2024"]
[SourceDate "2024.03.06"]
[SourceVersion "1"]
[SourceVersionDate "2024.03.06"]
[SourceQuality "1"]

1. d4 Nf6 2. c4 e5 3. dxe5 Ne4 4. a3 Nc6 5. Nf3 d6 6. exd6 Bxd6 7. e3 Qf6 8. Qc2 Nc5 9. Nc3 Bf5 10. e4 Bg4 11. Be3 0-0-0 12. Nd5 Qg6 13. Nd2 Rhe8 14. f3 Bd7 15. b4 Ne6 16. Nb3 f5 17. Bd3 Ne5 18. 0-0-0 Nxd3+ 19. Qxd3 fxe4 20. fxe4 Ba4 21. e5 Bxe5 22. Qxg6 hxg6 23. Kc2 g5 24. g3 b6 25. Nc3 Bc6 26. Rxd8+ Rxd8 27. Re1 Bf6 28. Bxb6 axb6 29. Rxe6 Bd7 30. Re2 Bg4 31. Rf2 c6 32. b5 Bh5 33. Rd2 Bg6+ 34. Kb2 Re8 35. bxc6 Re4 36. Nc1 Rxc4 37. N1a2 Rxc6 38. Kb3 Bf7+ 39. Nd5 Rc5 40. Nab4 Kb7 41. Rd3 g4 42. Ka2 Bc3 43. Re3 Bf6 44. Rd3 Kc8 45. a4 Rc1 46. Ka3 Ra1+ 47. Na2 Kb8 48. Rd2 Rb1 49. Rd3 Bxd5 50. Rxd5 Be7+ 51. Nb4 Rxb4 52. Rd8+ Bxd8 53. Kxb4 Kb7 0-1

[Event "New York President's Day IM-B"]
[Site "New York"]
[Date "2024.02.18"]
[Round "7"]
[White "Graif, William"]
[Black "Bortnyk, Mykola"]
[Result "0-1"]
[WhiteElo "2302"]
[BlackElo "2425"]
[PlyCount "104"]
[EventDate "2024.02.15"]
[EventType "schev"]
[EventRounds "9"]
[EventCountry "USA"]
[SourceTitle "CB08_2024"]
[SourceDate "2024.02.21"]
[SourceVersion "1"]
[SourceVersionDate "2024.02.21"]
[SourceQuality "1"]

1. e4 c5 2. Nc3 e6 3. Nge2 Nc6 4. g3 d5 5. exd5 exd5 6. d4 Bg4 7. Bg2 Nxd4 8. h3 Bf3 9. Kf1 Nf6 10. Bg5 Nxe2 11. Bxf3 Nxc3 12. bxc3 Be7 13. Bxf6 Bxf6 14. Bxd5 0-0 15. Rb1 Rb8 16. Kg2 b5 17. c4 b4 18. Qf3 Rb6 19. a3 Bd4 20. Qd3 Qf6 21. f4 Bc3 22. axb4 cxb4 23. c5 Rbb8 24. Qc4 Rbe8 25. c6 Qg6 26. Qd3 Qxd3 27. cxd3 Rc8 28. Rhc1 Rfd8 29. Be4 a5 30. Rc2 f5 31. Bxf5 Rxc6 32. Ra2 Rc5 33. Be4 Rb8 34. Rb3 Bd4 35. Kf3 Kf7 36. g4 h6 37. h4 Ke7 38. Bg6 Rb6 39. Re2+ Re6 40. Rxe6+ Kxe6 41. Ke4 Rc3 42. Rb1 Bc5 43. Ra1 Bb6 44. Be8 Rc2 45. f5+ Kd6 46. Ba4 Re2+ 47. Kf4 Bd4 48. Rc1 Ra2 49. Bb3 Ra3 50. Bf7 b3 51. Rb1 b2 52. f6 gxf6 0-1

[Event "Edward Lasker Memorial 107th"]
[Site "New York"]
[Date "2023.12.10"]
[Round "6"]
[White "Raja, Harshit"]
[Black "Bortnyk, Mykola"]
[Result "1/2-1/2"]
[WhiteElo "2509"]
[BlackElo "2412"]
[PlyCount "100"]
[EventDate "2023.12.07"]
[EventType "swiss"]
[EventRounds "6"]
[EventCountry "USA"]
[SourceTitle "CB50_2023"]
[SourceDate "2023.12.13"]
[SourceVersion "1"]
[SourceVersionDate "2023.12.13"]
[SourceQuality "1"]

1. e4 Nf6 2. e5 Nd5 3. d4 d6 4. Nf3 g6 5. Bc4 c6 6. 0-0 Bg7 7. Re1 0-0 8. h3 dxe5 9. Nxe5 Nd7 10. Nf3 e6 11. Bg5 Qc7 12. a4 b6 13. Bb3 c5 14. Bxd5 exd5 15. Nc3 Bb7 16. dxc5 Nxc5 17. Re7 Qc6 18. Nb5 Ne6 19. Nfd4 Nxd4 20. Nxd4 Qc8 21. Qd2 Re8 22. Rae1 Rxe7 23. Rxe7 Bf8 24. Re1 Qd7 25. Bh6 Bxh6 26. Qxh6 Re8 27. Ra1 Re4 28. c3 Qe7 29. f3 Re1+ 30. Rxe1 Qxe1+ 31. Kh2 Qe5+ 32. f4 Qf6 33. Qg5 Kg7 34. Kg3 h6 35. Qg4 Kf8 36. Qe2 Bc6 37. b3 Bd7 38. Qe3 Bf5 39. Qe5 Qxe5 40. fxe5 Be4 41. Kf2 Ke7 42. Nc6+ Kd7 43. Nd4 a5 44. g3 Ke7 45. Ke3 f6 46. exf6+ Kxf6 47. b4 g5 48. bxa5 bxa5 49. c4 Bg2 50. Kf2 Ke5 1/2-1/2

[Event "Edward Lasker Memorial 107th"]
[Site "New York"]
[Date "2023.12.09"]
[Round "4"]
[White "Bortnyk, Mykola"]
[Black "Zeltsan, Joseph"]
[Result "1/2-1/2"]
[WhiteElo "2412"]
[BlackElo "2415"]
[PlyCount "78"]
[EventDate "2023.12.07"]
[EventType "swiss"]
[EventRounds "6"]
[EventCountry "USA"]
[SourceTitle "CB50_2023"]
[SourceDate "2023.12.13"]
[SourceVersion "1"]
[SourceVersionDate "2023.12.13"]
[SourceQuality "1"]

1. e4 c5 2. Nf3 e6 3. d4 cxd4 4. Nxd4 Nf6 5. Nc3 Nc6 6. Be3 Bb4 7. Bd3 0-0 8. 0-0 d6 9. Nb3 Bxc3 10. bxc3 d5 11. exd5 Nxd5 12. Bc5 Re8 13. Re1 Qg5 14. g3 Nxc3 15. Qf3 Ne5 16. Bxh7+ Kxh7 17. Qxc3 Ng6 18. Qf3 Kg8 19. Be3 Qb5 20. Rad1 e5 21. Qe4 Bd7 22. c4 Qc6 23. Qd5 Qxd5 24. cxd5 b6 25. f3 f6 26. Bc1 Rec8 27. Rd2 Rc4 28. h4 Rac8 29. Kf2 a5 30. Ba3 Ra4 31. Bd6 Rac4 32. Re4 Kf7 33. Rxc4 Rxc4 34. Rb2 Ne7 35. Nd2 Rd4 36. Bxe7 Kxe7 37. Ne4 b5 38. d6+ Ke6 39. Nc5+ Kxd6 1/2-1/2

[Event "Edward Lasker Memorial 107th"]
[Site "New York"]
[Date "2023.12.08"]
[Round "2"]
[White "Graif, William"]
[Black "Bortnyk, Mykola"]
[Result "0-1"]
[WhiteElo "2327"]
[BlackElo "2412"]
[PlyCount "46"]
[EventDate "2023.12.07"]
[EventType "swiss"]
[EventRounds "6"]
[EventCountry "USA"]
[SourceTitle "CB50_2023"]
[SourceDate "2023.12.13"]
[SourceVersion "1"]
[SourceVersionDate "2023.12.13"]
[SourceQuality "1"]

1. e4 c5 2. Nc3 e6 3. f4 Nc6 4. Nf3 a6 5. d4 cxd4 6. Nxd4 Qc7 7. Be2 b5 8. Nxc6 dxc6 9. Bf3 e5 10. fxe5 Bc5 11. Bf4 Be6 12. Bg4 Rd8 13. Qf3 Ne7 14. Bxe6 fxe6 15. Bg3 Rf8 16. Qg4 Ba3 17. Rb1 Qa5 18. Bf2 Bxb2 19. 0-0 Qxc3 20. Qxg7 Qxe5 21. Qxf8+ Kxf8 22. Bd4+ Ke8 23. Bxe5 Bxe5 0-1

[Event "New York 1000 GM Fall IM-B"]
[Site "New York"]
[Date "2023.11.10"]
[Round "4"]
[White "Bonin, Jay R"]
[Black "Bortnyk, Mykola"]
[Result "0-1"]
[WhiteElo "2203"]
[BlackElo "2414"]
[PlyCount "56"]
[EventDate "2023.11.08"]
[EventType "tourn"]
[EventRounds "9"]
[EventCountry "USA"]
[SourceTitle "CB46_2023"]
[SourceDate "2023.11.15"]
[SourceVersion "1"]
[SourceVersionDate "2023.11.15"]
[SourceQuality "1"]

1. b3 e5 2. Bb2 Nc6 3. e3 Nf6 4. Bb5 Bd6 5. Na3 Be7 6. Nc4 e4 7. Bxc6 bxc6 8. Ne2 0-0 9. 0-0 d5 10. Ne5 Bd6 11. Ng3 Qe8 12. f4 exf3 13. Nxf3 Ne4 14. Nh5 f6 15. Nf4 Bg4 16. Qe1 Qd7 17. h3 Bxf3 18. Rxf3 Rae8 19. Qe2 Be5 20. Nd3 Bd6 21. Nf4 Kh8 22. Qd3 Be5 23. Bd4 g5 24. Ne2 g4 25. hxg4 Qxg4 26. Bxe5 fxe5 27. Raf1 Rxf3 28. Rxf3 Rg8 0-1

[Event "New York 1000 GM Fall IM-B"]
[Site "New York"]
[Date "2023.11.10"]
[Round "5"]
[White "Bortnyk, Mykola"]
[Black "Yu, Jiangwei"]
[Result "1-0"]
[WhiteElo "2414"]
[BlackElo "2366"]
[PlyCount "57"]
[EventDate "2023.11.08"]
[EventType "tourn"]
[EventRounds "9"]
[EventCountry "USA"]
[SourceTitle "CB46_2023"]
[SourceDate "2023.11.15"]
[SourceVersion "1"]
[SourceVersionDate "2023.11.15"]
[SourceQuality "1"]

1. e4 c5 2. Nf3 d6 3. d4 cxd4 4. Nxd4 Nf6 5. Nc3 a6 6. Bg5 Nbd7 7. Bc4 Qb6 8. Qd2 Qxb2 9. Rb1 Qa3 10. 0-0 Qc5 11. Bb3 g6 12. Bxf6 Nxf6 13. Ba4+ Bd7 14. Rxb7 Bxa4 15. Nxa4 Qc8 16. Rfb1 Bg7 17. e5 dxe5 18. Nc6 Nd7 19. Na7 Qd8 20. Rd1 Nf6 21. Qe1 Nd5 22. c4 Rxa7 23. Rxa7 Qb8 24. Rxa6 Nc7 25. Rb6 Qa8 26. Qa5 0-0 27. Qxa8 Rxa8 28. Nc5 Ne8 29. Nd7 1-0

[Event "Titled Tuesday intern op 24th Oct Late"]
[Site "Chess.com INT"]
[Date "2023.10.24"]
[Round "6"]
[White "Bortnyk, Mykola"]
[Black "Korchmar, Vasiliy"]
[Result "0-1"]
[WhiteElo "2415"]
[BlackElo "2438"]
[PlyCount "72"]
[EventDate "2023.10.24"]
[EventType "swiss (blitz)"]
[EventRounds "11"]
[EventCountry "USA"]
[SourceTitle "Mega2024 Update 01"]
[Source "Chessbase"]
[SourceDate "2023.11.12"]
[SourceVersion "1"]
[SourceVersionDate "2023.11.12"]
[SourceQuality "1"]

1. e4 c5 2. c3 d5 3. exd5 Nf6 4. d4 Nxd5 5. dxc5 e6 6. b4 a5 7. Nf3 axb4 8. c4 Qf6 9. cxd5 Qxa1 10. Bb5+ Bd7 11. Bxd7+ Nxd7 12. c6 bxc6 13. dxc6 Nf6 14. Bg5 Rd8 15. Qc2 Bd6 16. c7 Bxc7 17. 0-0 Bd6 18. Qc6+ Kf8 19. Qc2 h6 20. Be3 Be7 21. Bb6 Ra8 22. Rc1 Qxa2 23. Qc7 Nd5 24. Qb7 Nxb6 25. Qxb6 Kg8 26. Ne5 Qa7 27. Qc6 Bf6 28. Nd7 Bd4 29. Nd2 Bxf2+ 30. Kh1 Be3 31. Re1 Bxd2 32. Rf1 Bc3 33. h4 Rd8 34. Nc5 Qe7 35. Nb7 Qxh4+ 36. Kg1 Bd4+ 0-1

[Event "Titled Tuesday intern op 24th Oct Late"]
[Site "Chess.com INT"]
[Date "2023.10.24"]
[Round "10"]
[White "Bortnyk, Mykola"]
[Black "Solon, Nathan"]
[Result "0-1"]
[WhiteElo "2415"]
[BlackElo "2327"]
[PlyCount "90"]
[EventDate "2023.10.24"]
[EventType "swiss (blitz)"]
[EventRounds "11"]
[EventCountry "USA"]
[SourceTitle "Mega2024 Update 01"]
[Source "Chessbase"]
[SourceDate "2023.11.12"]
[SourceVersion "1"]
[SourceVersionDate "2023.11.12"]
[SourceQuality "1"]

1. e4 c5 2. c3 Nf6 3. e5 Nd5 4. Bc4 Nb6 5. Bb3 d5 6. d4 cxd4 7. cxd4 Nc6 8. Nc3 Bf5 9. Nge2 h6 10. Ng3 Bg6 11. e6 fxe6 12. Qg4 Bf7 13. h4 e5 14. dxe5 Nxe5 15. Qe2 Nec4 16. 0-0 e6 17. Rd1 Be7 18. a4 a5 19. Nxd5 exd5 20. Nf5 Kf8 21. Bxc4 Nxc4 22. b3 Nd6 23. Nd4 Bf6 24. Ba3 Kg8 25. Rac1 Ne4 26. Nf5 Qb6 27. Rd3 Re8 28. Re3 Bg6 29. Qg4 Bxf5 30. Qxf5 Qe6 31. Qxe6+ Rxe6 32. Rd1 d4 33. Ree1 Kf7 34. Bb2 Rd8 35. Rc1 Bxh4 36. Rc7+ Kg6 37. g3 Bf6 38. f3 Ng5 39. Rxe6 Nxe6 40. Rxb7 d3 41. Bc1 d2 42. Bxd2 Rxd2 43. Rb5 Nd4 44. Rxa5 Nxf3+ 45. Kf1 Bd4 0-1

[Event "Titled Tuesday intern op 24th Oct Late"]
[Site "Chess.com INT"]
[Date "2023.10.24"]
[Round "2"]
[White "Principe, Gerson"]
[Black "Bortnyk, Mykola"]
[Result "0-1"]
[WhiteElo "2179"]
[BlackElo "2415"]
[PlyCount "68"]
[EventDate "2023.10.24"]
[EventType "swiss (blitz)"]
[EventRounds "11"]
[EventCountry "USA"]
[SourceTitle "Mega2024 Update 01"]
[Source "Chessbase"]
[SourceDate "2023.11.12"]
[SourceVersion "1"]
[SourceVersionDate "2023.11.12"]
[SourceQuality "1"]

1. d4 Nf6 2. Nf3 e6 3. e3 c5 4. Be2 b6 5. 0-0 Bb7 6. c4 cxd4 7. Nxd4 Be7 8. b3 0-0 9. Bb2 d5 10. Nc3 dxc4 11. Bxc4 Nc6 12. Nxc6 Bxc6 13. Qxd8 Rfxd8 14. Rfd1 Nd7 15. f3 Bc5 16. Kf2 Ne5 17. Be2 f6 18. Nb5 Kf7 19. Nd4 Bb7 20. Rac1 a5 21. a3 Rac8 22. h3 h5 23. Nc2 Rxd1 24. Rxd1 Bd5 25. Bxe5 fxe5 26. Bc4 Be7 27. Rxd5 exd5 28. Bxd5+ Kf6 29. Bc4 b5 30. Bd3 Rc3 31. Ke2 Rxb3 32. Kd2 Bxa3 33. Nxa3 Rxa3 34. Bxb5 Ra2+ 0-1

[Event "Titled Tuesday intern op 24th Oct Late"]
[Site "Chess.com INT"]
[Date "2023.10.24"]
[Round "8"]
[White "Raahul, VS."]
[Black "Bortnyk, Mykola"]
[Result "0-1"]
[WhiteElo "2340"]
[BlackElo "2415"]
[PlyCount "86"]
[EventDate "2023.10.24"]
[EventType "swiss (blitz)"]
[EventRounds "11"]
[EventCountry "USA"]
[SourceTitle "Mega2024 Update 01"]
[Source "Chessbase"]
[SourceDate "2023.11.12"]
[SourceVersion "1"]
[SourceVersionDate "2023.11.12"]
[SourceQuality "1"]

1. c4 e5 2. Nc3 Nc6 3. Nf3 Nf6 4. e4 Bc5 5. Nxe5 Nxe5 6. d4 Bb4 7. dxe5 Nxe4 8. Qf3 d5 9. Be2 d4 10. Qxe4 dxc3 11. 0-0 0-0 12. Bd3 g6 13. Qe2 Bg4 14. Qc2 Qd4 15. bxc3 Bxc3 16. Rb1 Rad8 17. Rb3 Qxd3 18. Rxc3 Qd4 19. Bg5 Rd7 20. Bf6 h6 21. Rg3 Kh7 22. h3 Be6 23. Rc1 Qf4 24. Rf3 Qd2 25. Kh2 Qxc2 26. Rxc2 c5 27. a4 b6 28. a5 Rd4 29. axb6 axb6 30. Rb2 Rb8 31. Rfb3 Rxc4 32. Rxb6 Rxb6 33. Rxb6 g5 34. g4 h5 35. Rb8 hxg4 36. hxg4 Rxg4 37. f3 Rh4+ 38. Kg3 Rh3+ 39. Kg2 Rh5 40. Kg3 Kg6 41. f4 Rh3+ 42. Kg2 g4 43. Rc8 Bxc8 0-1

[Event "Titled Tuesday intern op 26th Sep Late"]
[Site "Chess.com INT"]
[Date "2023.09.26"]
[Round "5"]
[White "Saveliev, Alexei"]
[Black "Bortnyk, Mykola"]
[Result "0-1"]
[WhiteElo "2366"]
[BlackElo "2407"]
[PlyCount "78"]
[EventDate "2023.09.26"]
[EventType "swiss (blitz)"]
[EventRounds "11"]
[EventCountry "USA"]
[SourceTitle "EXT 2024"]
[Source "ChessBase"]
[SourceDate "2023.10.10"]
[SourceVersion "1"]
[SourceVersionDate "2023.10.10"]
[SourceQuality "1"]

1. c4 e5 2. Nc3 Nc6 3. Nf3 g6 4. e3 Bg7 5. d4 exd4 6. exd4 d6 7. d5 Ne5 8. Nxe5 Qe7 9. Be2 dxe5 10. Nb5 Nf6 11. d6 cxd6 12. Nxd6+ Kf8 13. Nxc8 Rxc8 14. 0-0 h6 15. Qa4 b6 16. b3 Kg8 17. Ba3 Qb7 18. c5 Qe4 19. Qa6 Kh7 20. Bf3 Qf5 21. Qxa7 e4 22. Be2 Ra8 23. Qxf7 Rxa3 24. cxb6 Nd5 25. Qb7 Nf4 26. Bc4 Ra5 27. Rfe1 Re5 28. Bf1 Qg4 29. Kh1 Rhe8 30. Rac1 Nd3 31. Rc7 Nxf2+ 32. Kg1 Nh3+ 33. Kh1 Nf2+ 34. Kg1 Rg8 35. Kxf2 Qh4+ 36. Ke2 Rf5 37. Kd1 Rd8+ 38. Kc2 Qf6 39. Qxe4 Qb2# 0-1

[Event "New York Marshall Labor Day IM"]
[Site "New York"]
[Date "2023.09.04"]
[Round "9"]
[White "Bortnyk, Mykola"]
[Black "Rorrer, Grayson"]
[Result "1/2-1/2"]
[WhiteElo "2410"]
[BlackElo "2287"]
[PlyCount "140"]
[EventDate "2023.08.31"]
[EventType "tourn"]
[EventRounds "9"]
[EventCountry "USA"]
[SourceTitle "EXT 2024"]
[Source "ChessBase"]
[SourceDate "2023.10.10"]
[SourceVersion "1"]
[SourceVersionDate "2023.10.10"]
[SourceQuality "1"]

1. d4 Nf6 2. Nc3 d5 3. Bg5 Nbd7 4. Nf3 e6 5. e4 h6 6. Bh4 g5 7. Bg3 Nxe4 8. Nxe4 dxe4 9. Nd2 Bg7 10. h4 Bxd4 11. c3 Be5 12. Bxe5 Nxe5 13. hxg5 e3 14. Ne4 exf2+ 15. Kxf2 Qxd1 16. Rxd1 Ke7 17. Be2 Bd7 18. gxh6 Bc6 19. Ng3 Rag8 20. Rd4 f5 21. Bf3 f4 22. Ne2 Nxf3 23. gxf3 e5 24. Rdd1 Rg6 25. Rde1 Kd7 26. Nc1 Rgxh6 27. Rxh6 Rxh6 28. Nd3 Kd6 29. Nxe5 Rh2+ 30. Kg1 Rc2 31. Nc4+ Kd5 32. Re4 b5 33. Ne5 Rxb2 34. Nd3 Rb1+ 35. Kf2 a5 36. Nxf4+ Kc5 37. Nd3+ Kd6 38. Rd4+ Ke7 39. Ke3 Ra1 40. Rh4 Bd5 41. Rh7+ Kd6 42. Rh6+ Kd7 43. Rh7+ Kc6 44. Rh6+ Kb7 45. Nc5+ Kb8 46. Na6+ Kc8 47. Rh7 c6 48. f4 Rxa2 49. Ra7 b4 50. f5 Ra3 51. f6 Rxc3+ 52. Kd4 Rf3 53. Ke5 b3 54. Rc7+ Kd8 55. Rb7 Re3+ 56. Kd4 Re4+ 57. Kc5 Rf4 58. Rb8+ Kd7 59. Rb7+ Ke6 60. Nc7+ Kxf6 61. Nxd5+ cxd5 62. Rxb3 Ke5 63. Rc3 Rb4 64. Re3+ Re4 65. Rc3 Rb4 66. Re3+ Kf4 67. Rd3 Ke4 68. Rxd5 Rb5+ 69. Kxb5 Kxd5 70. Kxa5 Ke5 1/2-1/2

[Event "New York Marshall Labor Day IM"]
[Site "New York"]
[Date "2023.09.01"]
[Round "3"]
[White "Ho, Carter"]
[Black "Bortnyk, Mykola"]
[Result "0-1"]
[WhiteElo "1999"]
[BlackElo "2410"]
[PlyCount "99"]
[EventDate "2023.08.31"]
[EventType "tourn"]
[EventRounds "9"]
[EventCountry "USA"]
[SourceTitle "EXT 2024"]
[Source "ChessBase"]
[SourceDate "2023.10.10"]
[SourceVersion "1"]
[SourceVersionDate "2023.10.10"]
[SourceQuality "1"]

1. e4 c5 2. Nf3 d6 3. d4 Nf6 4. Nc3 cxd4 5. Nxd4 g6 6. Be3 Bg7 7. f3 a6 8. Qd2 h5 9. h4 b5 10. 0-0-0 Bb7 11. Nde2 Nbd7 12. Nf4 Qa5 13. Kb1 Rc8 14. Ncd5 Qxd2 15. Rxd2 Bh6 16. Nxf6+ Nxf6 17. Re2 e5 18. Nd3 Bxe3 19. Rxe3 Ke7 20. g3 Rhg8 21. Bh3 Rc4 22. b3 Rc7 23. Rhe1 Bc8 24. Bxc8 Rgxc8 25. R3e2 a5 26. Rd1 Rc3 27. Red2 R8c6 28. Ne1 Ke6 29. Kb2 Re3 30. Rd3 Re2 31. Kc1 b4 32. R3d2 Rxd2 33. Kxd2 d5 34. exd5+ Nxd5 35. Nd3 Nc3 36. Re1 f6 37. g4 hxg4 38. fxg4 Rd6 39. Kc1 Nxa2+ 40. Kb2 Nc3 41. g5 e4 42. Nc5+ Kd5 43. Nb7 Rb6 44. Nxa5 f5 45. h5 Ra6 46. Nc4 gxh5 47. Ne3+ Ke5 48. Rf1 Ra2+ 49. Kc1 f4 50. Nc4+ 0-1

[Event "New York Marshall Labor Day IM"]
[Site "New York"]
[Date "2023.08.31"]
[Round "1"]
[White "Reiss, Aiden"]
[Black "Bortnyk, Mykola"]
[Result "0-1"]
[WhiteElo "2230"]
[BlackElo "2410"]
[PlyCount "44"]
[EventDate "2023.08.31"]
[EventType "tourn"]
[EventRounds "9"]
[EventCountry "USA"]
[SourceTitle "EXT 2024"]
[Source "ChessBase"]
[SourceDate "2023.10.10"]
[SourceVersion "1"]
[SourceVersionDate "2023.10.10"]
[SourceQuality "1"]

1. e4 e5 2. Nf3 d6 3. d4 exd4 4. Nxd4 Nf6 5. Nc3 Be7 6. Bf4 0-0 7. Qd2 d5 8. Ndb5 Bb4 9. 0-0-0 c6 10. Nc7 Nxe4 11. Qd4 Nxc3 12. bxc3 Ba3+ 13. Kb1 Na6 14. Nxa8 Qa5 15. Bd2 Bf5 16. c4 Bxc2+ 17. Ka1 Nb4 18. Be2 c5 19. Qe5 d4 20. Bh6 Bb2+ 21. Kxb2 Qxa2+ 22. Kc1 Qa3+ 0-1

[Event "Titled Tuesday intern op 18th Jul Late"]
[Site "Chess.com INT"]
[Date "2023.07.18"]
[Round "2"]
[White "Bortnyk, Mykola"]
[Black "Keleberda, Timur"]
[Result "1-0"]
[WhiteElo "2421"]
[BlackElo "2302"]
[PlyCount "79"]
[EventDate "2023.07.18"]
[EventType "swiss (blitz)"]
[EventRounds "11"]
[EventCountry "USA"]
[SourceTitle "EXT 2024"]
[Source "ChessBase"]
[SourceDate "2023.10.10"]
[SourceVersion "1"]
[SourceVersionDate "2023.10.10"]
[SourceQuality "1"]

1. e4 c5 2. c3 d5 3. exd5 Qxd5 4. d4 cxd4 5. cxd4 Nc6 6. Nf3 e5 7. Nc3 Bb4 8. dxe5 Qxd1+ 9. Kxd1 Bxc3 10. bxc3 Bg4 11. Kc2 Nge7 12. Rb1 Bf5+ 13. Bd3 Bxd3+ 14. Kxd3 0-0-0+ 15. Kc2 Ng6 16. Re1 Rhe8 17. Rb5 Kc7 18. Ba3 a6 19. Bd6+ Kc8 20. Rc5 f6 21. Re3 fxe5 22. Bxe5 Ngxe5 23. Nxe5 Kc7 24. Nxc6 bxc6 25. Rce5 Rxe5 26. Rxe5 Rd7 27. a4 Kd6 28. Ra5 Ra7 29. Kd3 g6 30. h4 Kc7 31. h5 Kb6 32. Rg5 gxh5 33. a5+ Kb7 34. Rg7+ Ka8 35. Rxa7+ Kxa7 36. Kd4 Kb8 37. Ke5 Kc7 38. Ke6 h4 39. c4 h6 40. Ke7 1-0

[Event "Titled Tuesday intern op 18th Jul Late"]
[Site "Chess.com INT"]
[Date "2023.07.18"]
[Round "1"]
[White "D'Arruda, Ricardo D"]
[Black "Bortnyk, Mykola"]
[Result "1/2-1/2"]
[WhiteElo "2271"]
[BlackElo "2421"]
[PlyCount "115"]
[EventDate "2023.07.18"]
[EventType "swiss (blitz)"]
[EventRounds "11"]
[EventCountry "USA"]
[SourceTitle "EXT 2024"]
[Source "ChessBase"]
[SourceDate "2023.10.10"]
[SourceVersion "1"]
[SourceVersionDate "2023.10.10"]
[SourceQuality "1"]

1. d4 Nf6 2. Nf3 e6 3. c4 Bb4+ 4. Nbd2 0-0 5. a3 Be7 6. e4 d5 7. cxd5 exd5 8. e5 Ne4 9. Bd3 Bf5 10. Qc2 c5 11. Nxe4 dxe4 12. Bxe4 Bxe4 13. Qxe4 cxd4 14. Qxd4 Nc6 15. Qxd8 Raxd8 16. 0-0 Rd5 17. Be3 Rfd8 18. Rfe1 a5 19. h3 a4 20. Bb6 R8d7 21. Re2 h6 22. Re4 Rb5 23. Be3 Rxb2 24. Rxa4 Rb5 25. Re4 Rdd5 26. Bf4 Ra5 27. Rb1 Ra7 28. a4 g5 29. Be3 Bc5 30. Rb5 Rd1+ 31. Kh2 Bxe3 32. Rxe3 Nd8 33. a5 Ra1 34. Rd3 Ne6 35. Rd7 R1xa5 36. Rbxb7 Rxb7 37. Rxb7 Ra2 38. Kg3 Nf4 39. Nd4 Ne2+ 40. Nxe2 Rxe2 41. Rb5 Kg7 42. Kf3 Re1 43. g3 Kg6 44. Rb6+ Kg7 45. Rb5 Kg6 46. g4 Rh1 47. Kg2 Re1 48. Kg3 Kg7 49. Rc5 Rg1+ 50. Kh2 Re1 51. Kg3 Kg6 52. f3 Re2 53. h4 Kg7 54. h5 Kh7 55. Rc7 Kg7 56. Rc5 Kh7 57. Rc7 Kg7 58. Rc5 1/2-1/2